=LDR 00000nam 2200000 4500 =001 INLIS000000000043012 =005 20131008101649 =008 ***********************************Ind** =035 ##$$0010-101300000000934 =041 ##$$a Ind =082 ##$$a 121.68 =090 ##$$a 121.68, Pus i =100 ##$$a PUSPOPROJO, W =245 ##$$a Interpretasi, Beberapa catatan pendekatan filsafatinya, Poepoprodjo =260 ##$$a 1987 $b Bandung =300 ##$$a xi, 199 hlm, 21 cm =650 ##$$a Hermenutika =850 ##$$a NBPNMAT =990 ##$$a 0001/BPAP-NTB/2015